Vista normal
Vista MARC
- Shanks, Hershel
Entrada Autor personal
Número de registros utilizados en: 1
001 - NUMERO DE CONTROL
- Campo de control: 1069
003 - IDENTIFICADOR DE NUMERO DE CONTROL
- Campo de control: CO-MdFUSB
005 - HORA Y FECHA DE LA ULTIMA TRANSACCIÓN
- Campo de control: 20171114103504.0
008 - CAMPO DE LONGITUD FIJA
- Campo fijo de descripción fija: 171114|| aca||aabn | a|a d
040 ## - AGENCIA DE CATALOGACIÓN ORIGINAL
- Lenguaje de catalogación: spa
- Agencia que hace la transcripción: CO-MdFUSB
100 ## - AUTOR PERSONAL
- Autor personal: Shanks, Hershel
370 ## - LUGARES ASOCIADOS
- País asociado: Estados Unidos
373 ## - GRUPO ASOCIADO
- Grupo asociado: Sociedad de Arqueología Bíblica
374 ## - OCUPACIÓN
- Ocupación: Arqueología bíblica
375 ## - GENERO
- Género: Masculino
377 ## - IDIOMA ASOCIADO
- Código del idioma: Inglés
670 ## - FUENTE EN LA QUE SE LOCALIZARON DATOS
- Fuente: Biblical Archaeology Review
- Fuente de información: (Hershel Shanks)
